Quizzes
Events
Quiz Creation
Community
Videos
Private Events
Remove Ads
Sign In
Join for FREE
Feedback
Dark Mode
Quiz Categories
Sports
Geography
Music
Movies
Television
Just For Fun
Miscellaneous
History
Literature
Language
Science
Gaming
Entertainment
Religion
Holiday
For Kids
Quiz Lab
Recent
Popular Today
Quiz Kudos Today
Editor Picks
Curator Picks
Quizzes by...
Day
Popularity
Type
Ratings
Length
Year
Community
Subscriptions
Recent Discussions
Orange Saloon
Badges
Playlists
Quests
Create
Leaderboards
Showdown
Live 5
Trivia Bingo
Activity
Puzzle Library
Sporcle Events
Private Events
Virtual Trivia
Globe League
Become a Host
Pub Owners
SporcleCon
Opinionation
Our Games
Videos
Blog
Mobile Apps
Partnerships
Remove Ads and Go Orange
Feedback
Just For Fun
Clickable
Get the Picture
Humor
Quick Pick
Word Ladder
Missing Word
Mixed Word
Blitz
Minefield
This or That
Alphabet
Color
Typing
Sporcle
Puzzle
Word Play
Follow That Line
Logic
Just For Fun
Clickable
Get the Picture
Humor
Quick Pick
Word Ladder
Missing Word
Mixed Word
Blitz
Minefield
This or That
Alphabet
Color
Typing
Sporcle
Puzzle
Word Play
Follow That Line
Logic
Random Quiz
Search Sporcle
×
Editor Pick
Editor Pick
Just For Fun
search
Type in answers that appear in a list
Type in answers that appear in a list
Classic
Best Score? Go Orange.
URLs that redirect to google Stats
Can you name the URLs that redirect to google (in case you mistype)?
By
arelom
4m
21 Questions
974 Plays
974 Plays
974 Plays
Comments
Comments
Give Quiz Kudos
Give Quiz Kudos
-
- Ratings
hide this ad
More Info
Replay
Link that replays current quiz
Next Quiz
Link to next quiz in quiz playlist
You Got
0%
They Got
Avg Score
27%
Avg Friend Score
Upgrade to see
Score Distribution
Jump to the score distribution portion of the page
Score
0/21
Timer
04:00
0
Plays Today
URL
% Correct
gogle
85.9%
googl
85.8%
google
71.5%
gooogle
66.4%
googel
54.1%
googlee
34.9%
ggoogle
30.3%
gogole
24.3%
goolge
23.2%
ogogle
17.6%
googlr
17.5%
URL
% Correct
gppgle
14.4%
foofle
13.3%
googil
11.2%
googlecom
8.1%
gewgle
7.6%
466453
6.9%
wwwgoogle
5.7%
gewgol
5.4%
googlie
3.1%
gppglr
2.2%
Quiz Playlist
Details
Report
Send in Message
Add To Playlist
More Info:
All of these .coms redirect to Google, and are similar to google.com (in case you mistype). You do not need to type ".com".
Classic:
Type in answers that appear in a list
Quiz Source
Last Updated: Nov 21, 2018
Editor Pick in
Just For Fun
Quiz Scoreboard
CHALLENGE
Sign Up to Join the Scoreboard
Show All
Scores
Hide
Comments
May contain spoilers
Recently Published
NBA Finals Game Top Scorers (2010s)
by flibbidy
Sports
5m
Guess the 'R' Things in 3 Words
by MSUKent
Miscellaneous
3m
Actor to Badly Drawn Movie III
by MoMosMoProblems
Movies
5m
More to Explore
Quiz From the Vault
Featured Blog Post
Where Does Lost Luggage Go?
hide this ad
You Might Also Like...
Tags
google
Internet
search
Search Engines
Typographical
Web
Today's Top Quizzes in Just For Fun
Browse Just For Fun
hide this ad
Today's Top Quizzes in search
Browse search
Top Contributed Quizzes in Just For Fun
1
CrossWordLadder XXIII
2
Erkennst du die Lieblingsgerichte der watsons?
3
Quick Pick: Famous Davids
4
Sporcle Events Newsletter Bonus Questions 3/18/24
5
Guess Who in 3 Images
6
CrossWordLadder XXIV
7
CrossWordLadder XLIII
8
Trees Logic Puzzle 616
9
CrossWordLadder XXV
10
Order the Mini Maze II
Explore More
Trending Topics
Harry Potter
Disney
Marvel
Kpop
Anime
Crossword
NBA
The Office
Puzzle
WWE
Soccer
Song
Country
NFL
Pokémon
hide this ad
More By:
arelom
Quiz
Plays
Rating
Category
Featured
Created
Olympic Sorting
180,917
4.13
Sports
Jan 24, 2015
Famous Leagues
77,695
3.77
Miscellaneous
Mar 29, 2013
Trimmed Animal Names
21,602
4.60
Miscellaneous
Apr 22, 2014
Singular or Plural?
21,330
4.46
Language
Dec 21, 2018
Trimmed President Names
16,697
4.51
History
Nov 21, 2018
Go to Creator's Profile
Score Distribution
Quiz Creator Spotlight
arelom
Follow
Send a Message
Quizzes Created
-
Created Quiz Play Count
-
More By This Creator
Popular Quizzes Today
1
Find the US States - No Outlines Minefield
2
Find the US States
3
The Countries of the World
4
10 Largest US States in Order
5
Find the Countries of Europe - No Outlines Minefield
6
US States
7
Guess the 'R' Things in 3 Words
8
NBA Finals Game Top Scorers (2010s)
More Just For Fun Quizzes
Missing Word: Bodies of Water in Every Category
Published
Trending Quizzes
First Name TV: Leading Men
Match the Book to the Film II
3-Word Movies in 1 Word II
First Name TV: Leading Women Drama
Match the Book to the Film VI
Recently Updated
Women's Final Four Teams by Year
bhenderson79
Presidents Quartet II
eogle
Anything But Clue(do)
eogle
Anything But Oceanian Capitals
eogle
Anything But 7
eogle
Anything But Thing
eogle
Word Ladder: February 29
pecheneg
Song Title Questions
pecheneg
Women's NCAA Tournament #1 Seeds
pecheneg
Celebrity Mug Shots
pecheneg
Trending Topics
Kpop
Crossword
Disney
Anime
Marvel
NBA
Harry Potter
The Office
Pokémon
NFL
Soccer
Song
WWE
Country
Puzzle
Your Account Isn't Verified!
In order to create a playlist on Sporcle, you need to verify the email address you used during registration. Go to your
Sporcle Settings
to finish the process.
Report this User
Report this user for behavior that violates our
Community Guidelines
.
Details:
Send Report
Go to the Sporcle.com Mobile Site →
Comments